[Event "BAN Games 9th"]
[Site "Dhaka"]
[Date "2021.04.05"]
[Round "2.2"]
[White "Md Shahidul, Islam"]
[Black "Hasan, Mostafa Razibul"]
[Result "1-0"]
[WhiteElo "1720"]
[BlackElo "1862"]
[PlyCount "94"]
[EventDate "2021.04.04"]
[EventType "team-swiss"]
[EventRounds "5"]
[EventCountry "BAN"]
[SourceTitle "CBM 202 Extra"]
[Source "ChessBase"]
[SourceDate "2021.07.31"]
[SourceVersion "1"]
[SourceVersionDate "2021.07.31"]
[SourceQuality "1"]
[WhiteTeam "Rajshahi Division"]
[BlackTeam "Khulna Division"]
[WhiteTeamCountry "BAN"]
[BlackTeamCountry "BAN"]

1. e4 c5 2. Nf3 d6 3. d4 cxd4 4. Nxd4 Nf6 5. Nc3 a6 6. Bc4 g6 7. 0-0 Bg7 8. Bb3 0-0 9. h3 Nbd7 10. Be3 Nc5 11. f3 Bd7 12. a3 Rc8 13. Ba2 Kh8 14. Qd2 b5 15. Rfd1 Qc7 16. Rac1 e6 17. Nde2 Nb7 18. Kh1 Rfd8 19. Bg5 Be8 20. Qf4 e5 21. Qh4 Nh5 22. Nd5 Qa5 23. Bxd8 Nxd8 24. g4 Nf4 25. Nexf4 exf4 26. Nf6 Bxf6 27. Qxf6+ Kg8 28. c3 Nc6 29. Rxd6 Qb6 30. Qxf4 Qf2 31. Rd2 Qh4 32. Kg2 a5 33. Rcd1 b4 34. cxb4 axb4 35. Rc1 Qe7 36. Qd6 Qg5 37. Rc5 Qe3 38. Rcd5 b3 39. Bb1 Na5 40. Rf2 Nc4 41. Qa6 Rc7 42. Bd3 Nb6 43. Re2 Rc2 44. Bxc2 Nxd5 45. exd5 bxc2 46. Rxe3 c1Q 47. Rxe8+ Kg7 1-0

[Event "BAN Games 9th"]
[Site "Dhaka"]
[Date "2021.04.04"]
[Round "1.2"]
[White "Hasan, Mostafa Razibul"]
[Black "Mohammad, Minhaz Uddin"]
[Result "1/2-1/2"]
[WhiteElo "1862"]
[BlackElo "2281"]
[PlyCount "136"]
[EventDate "2021.04.04"]
[EventType "team-swiss"]
[EventRounds "5"]
[EventCountry "BAN"]
[SourceTitle "CBM 202 Extra"]
[Source "ChessBase"]
[SourceDate "2021.07.31"]
[SourceVersion "1"]
[SourceVersionDate "2021.07.31"]
[SourceQuality "1"]
[WhiteTeam "Khulna Division"]
[BlackTeam "Bangladesh Navy"]
[WhiteTeamCountry "BAN"]
[BlackTeamCountry "BAN"]

1. Nf3 Nf6 2. d4 e6 3. c4 b6 4. Nc3 Bb4 5. Bg5 Bb7 6. Qc2 h6 7. Bh4 g5 8. Bg3 Ne4 9. e3 Bxc3+ 10. bxc3 d6 11. d5 Nxg3 12. hxg3 e5 13. Qf5 Bc8 14. Qc2 Nd7 15. Be2 Nc5 16. 0-0-0 Qf6 17. Rdf1 Bf5 18. Qb2 0-0-0 19. Ne1 Bg6 20. f3 h5 21. e4 Qe7 22. Nd3 Nxd3+ 23. Bxd3 f6 24. Qb5 Be8 25. Qa6+ Kb8 26. Kd2 Qd7 27. Bc2 Qc8 28. Qa3 Bd7 29. Rb1 c5 30. Qb3 Qa6 31. a4 Qa5 32. Rh2 Rh6 33. Rbh1 Rdh8 34. g4 h4 35. Rh3 a6 36. Ke2 Kc7 37. Rb1 Rb8 38. Kf2 b5 39. axb5 axb5 40. Rhh1 Rhh8 41. Ra1 Qb6 42. Rhb1 Rb7 43. Kg1 Rhb8 44. Kh2 b4 45. Bd3 Kd8 46. Ra2 bxc3 47. Qxc3 Qxb1 48. Bxb1 Rxb1 49. Ra7 R1b4 50. Qa3 R4b7 51. Qa5+ Ke7 52. Rxb7 Rxb7 53. Qa8 Rb4 54. Qg8 Rxc4 55. Qg7+ Kd8 56. Qxf6+ Kc7 57. Qxg5 Ra4 58. Qe3 Ra8 59. Kh3 Rc8 60. Kxh4 c4 61. Kg5 Kd8 62. Qc3 Ke7 63. Kg6 Be8+ 64. Kg5 Bd7 65. f4 Rg8+ 66. Kh6 Rxg4 67. fxe5 Rh4+ 68. Kg5 Rg4+ 1/2-1/2

[Event "Dhaka IRT U2000"]
[Site "Dhaka"]
[Date "2018.02.17"]
[Round "4"]
[White "Hasan, Mostafa Razibul"]
[Black "Md Zaber, Al Hamid"]
[Result "0-1"]
[WhiteElo "1959"]
[BlackElo "1870"]
[PlyCount "78"]
[EventDate "2018.02.14"]
[EventType "swiss"]
[EventRounds "9"]
[EventCountry "BAN"]
[SourceTitle "EXT 2024"]
[Source "ChessBase"]
[SourceDate "2023.10.10"]
[SourceVersion "1"]
[SourceVersionDate "2023.10.10"]
[SourceQuality "1"]

1. d4 Nf6 2. c4 g6 3. Nc3 Bg7 4. e4 d6 5. Be2 Nbd7 6. Nf3 c6 7. 0-0 0-0 8. Be3 a6 9. h3 Qc7 10. Rc1 e5 11. d5 c5 12. Ne1 Ne8 13. Nd3 f5 14. f3 f4 15. Bf2 Ndf6 16. b4 b6 17. a4 Bd7 18. a5 Rc8 19. axb6 Qxb6 20. bxc5 dxc5 21. Na4 Bxa4 22. Qxa4 Nh5 23. Rb1 Qd6 24. Rb7 Ng3 25. Bxg3 fxg3 26. Rfb1 Nf6 27. R1b6 Qd8 28. Rxa6 Nh5 29. Raa7 Qg5 30. f4 exf4 31. Bxh5 Bd4+ 32. Kh1 f3 33. Qd1 Qxh5 34. e5 f2 35. Rg7+ Kh8 36. Rxh7+ Qxh7 37. Rxh7+ Kxh7 38. Nxf2 gxf2 39. Qf1 Ra8 0-1

[Event "Dhaka IRT U2000"]
[Site "Dhaka"]
[Date "2018.02.16"]
[Round "3"]
[White "Sadnan Hasan, Dihan"]
[Black "Hasan, Mostafa Razibul"]
[Result "0-1"]
[WhiteElo "1832"]
[BlackElo "1959"]
[PlyCount "42"]
[EventDate "2018.02.14"]
[EventType "swiss"]
[EventRounds "9"]
[EventCountry "BAN"]
[SourceTitle "EXT 2024"]
[Source "ChessBase"]
[SourceDate "2023.10.10"]
[SourceVersion "1"]
[SourceVersionDate "2023.10.10"]
[SourceQuality "1"]

1. e4 d6 2. d4 Nf6 3. Nc3 g6 4. f3 Bg7 5. Be3 0-0 6. Qd2 c6 7. 0-0-0 b5 8. e5 b4 9. exf6 bxc3 10. Qxc3 Bxf6 11. h4 Be6 12. h5 c5 13. hxg6 fxg6 14. Bc4 d5 15. Be2 Nd7 16. Qd2 Qb6 17. c3 Rfc8 18. Nh3 Rab8 19. Kb1 cxd4 20. Bxd4 Bxd4 21. cxd4 Bf5+ 0-1

[Event "Dhaka op"]
[Site "Dhaka"]
[Date "2016.06.30"]
[Round "7"]
[White "Ikramul, Haque Siam"]
[Black "Hasan, Mostafa Razibul"]
[Result "1-0"]
[WhiteElo "2223"]
[BlackElo "2030"]
[PlyCount "75"]
[EventDate "2016.06.24"]
[EventType "swiss"]
[EventRounds "9"]
[EventCountry "BAN"]
[SourceTitle "EXT 2017"]
[Source "ChessBase"]
[SourceDate "2016.10.25"]
[SourceVersion "1"]
[SourceVersionDate "2016.10.25"]
[SourceQuality "1"]

1. e4 c5 2. Nf3 d6 3. d4 cxd4 4. Nxd4 Nf6 5. Nc3 g6 6. Be3 Bg7 7. f3 0-0 8. Qd2 Nc6 9. 0-0-0 Bd7 10. g4 Rc8 11. Kb1 Ne5 12. h4 Nc4 13. Bxc4 Rxc4 14. h5 b5 15. hxg6 fxg6 16. b3 Rc5 17. Ne6 Bxe6 18. Bxc5 Qa5 19. Bd4 b4 20. Ne2 Rc8 21. g5 Nh5 22. Bxg7 Kxg7 23. Nf4 Nxf4 24. Qxf4 Qc5 25. Qd2 Qb5 26. Qd4+ Kg8 27. Rxh7 Kxh7 28. Rh1+ Bh3 29. Rxh3+ Kg8 30. Qh8+ Kf7 31. Rh7+ Ke6 32. Qxc8+ Ke5 33. Rxe7+ Kf4 34. Qc4 Qxg5 35. e5+ Kxf3 36. Rf7+ Kg3 37. exd6 Qe5 38. Qxb4 1-0